• 首页
  • 本馆介绍
  • 公告通知
  • 最新文献
  • 馆藏检索
  • 电子资源
  • 读者导购
  • 参考咨询
  • 我的图书馆
  • 登录
  • 详细信息显示
  • 放入我的书架
  • 预约/预借图书
  • 作者相关作品
  • 分类相关作品
  • 丛书相关作品
  • 出版社相关作品

书目信息

  • 表格格式
  • 工作单格式
  • 卡片格式
题名:
《辩证唯物主义常识》教学
    
 
作者: ;中学政治课教学编辑部《丛书》编辑组 编
分册:  
出版信息: 北京   北京师范大学出版社  1983
页数: 349页
开本: 19cm
丛书名: 中学政治课教学参考丛书
单 册:
中图分类: G633.21 , G633.2
科图分类:
主题词: 辩证唯物主义--中学--教学参考资料
电子资源:
ISBN:
000 00914nam2 2200277 45
001 0183009801
005 20040427150457.1
010    @dCNY0.95
091    @a7243.157
100    @a19950703d1983 em y0chiy0121 ea
101 0  @achi
102    @aCN@b110000
105    @ay z 000yy
106    @ar
200 12 @a《辩证唯物主义常识》教学@A《 bian zheng wei wu zhu yi chang shi》 jiao xue@f《中学政治课教学》编辑部《丛书》编辑组编
210    @a北京@c北京师范大学出版社@d1983
215    @a349页@d19cm
225 2  @a中学政治课教学参考丛书
410  0 @120010@a中学政治课教学参考丛书
606    @a辩证唯物主义@x中学@x教学参考资料
690    @aG633.21@v3
690    @aG633.2
711 02 @a中学政治课教学编辑部《丛书》编辑组@Azhong xue zheng zhi ke jiao xue bian ji bu《 cong shu》 bian ji zu@4编
801  0 @aCN@b上海图书馆@c20040427
801  2 @aCN@bNLC@c20040427
905    @f1@b109568@f1@b109570@dG633.2@e17
    
    《辩证唯物主义常识》教学/《中学政治课教学》编辑部《丛书》编辑组编.-北京:北京师范大学出版社,1983
    349页;19cm.-(中学政治课教学参考丛书)
    
    
    ISBN :CNY0.95
    
●
相关链接 在E读中查询图书 在五车中查询图书 在当当中查询图书 在豆瓣中查询图书


正题名:《辩证唯物主义常识》教学     索取号:G633.2/17         预约/预借

序号 登录号 条形码 馆藏地/架位号 状态 备注
1 0109568   000471938   密集书库/ [索取号:G633.2/17] 在馆    
2 0109569   000472018   第一样本阅览室/ [索取号:G633.2/17] 在馆    
3 0109570   000471974   密集书库/ [索取号:G633.2/17] 在馆    
唐山师范学院图书馆 欢迎您!
大连网信软件有限公司© 版权所有